Представление документа в формате MARC21

ПолеНазваниеЗначение
  Тип записи a
  Библиографический уровень m
001 Контрольный номер RU/URAIT/566679
005 Дата корректировки 20260429163658.9
008 Кодируемые данные 260429s2025 RU y f j 000 0 rus u
020 Индекс ISBN __
a ISBN 978-5-534-17162-4
c Цена, тираж 0.00
040 Источник каталогиз. __
a Служба первич. каталог. ИКО Юрайт
c Служба, преобразующая запись ИКО Юрайт
e Правила каталог. RCR
041 Код языка издания __
a Код языка текста rus
044 Код страны публикации __
a Код страны публикации RU
080 Индекс УДК __
a Индекс УДК 681.5.08(075.8)
084 Индекс другой классификации/Индекс ББК __
2 Источник индекса rubbk
a Индекс другой классификации/Индекс ББК 30.10я73
100 Автор __
a Автор Зудин В. Л.
q Полное имя Зудин Валерий Леонидович
245 Заглавие __
a Заглавие Датчики: измерение перемещений, деформаций и усилий
b Продолж. заглавия учебник для вузов
c Ответственность В. Л. Зудин, Ю. П. Жуков, А. Г. Маланов.
250 Сведения об издании __
a Основные сведения об издании 2-е изд.
256 Характеристики компьютерного файла __
a Характеристики компьютерного файла Электрон. дан.
260 Выходные данные __
a Место издания Москва
b Издательство Юрайт
c Дата издания 2025
300 Физическое описание __
a Объем 199 с
440 Серия __
a Серия Высшее образование
500 Примечания __
a Примечание URL: https://urait.ru/bcode/566679 (дата обращения: 29.04.2026).
520 Аннотация __
a Аннотация Проект «Университеты России» позволит высшим учебным заведениям нашей страны использовать в образовательном процессе издания (в том числе учебники и учебные пособия) по различным дисциплинам, подготовленные преподавателями лучших университетов России и впервые опубликованные в издательствах вузов. Все представленные в этой серии работы прошли экспертную оценку учебно-методического отдела издательства и публикуются в оригинальной редакции. В пособии рассматриваются классические и современные датчики и средства измерения перемещений, деформаций и усилий, наиболее широко используемые в системах автоматизации машиностроительных производств. Предназначено для студентов направления 27.03.04 «Управление в технических системах». Может быть полезно студентам других направлений, изучающим элементы и системы автоматизации в машиностроении.
538 Прим. о системных особенностях __
a Прим. о системных особенностях Режим доступа: Электронно-библиотечная система Юрайт, для авториз. пользователей
653 Ключевые слова __
a Ключевые слова Автоматика и управление
653 Ключевые слова __
a Ключевые слова Технические науки
653 Ключевые слова __
a Ключевые слова Сенсорная электроника, датчики
653 Ключевые слова __
a Ключевые слова Датчики электрических и неэлектрических величин в электротехнике, электромеханике и электротехнологиях
653 Ключевые слова __
a Ключевые слова Сенсоры и датчики физических величин
653 Ключевые слова __
a Ключевые слова Датчики и системы сбора данных
653 Ключевые слова __
a Ключевые слова Контроллерные системы управления
653 Ключевые слова __
a Ключевые слова Сенсоры и измерения
653 Ключевые слова __
a Ключевые слова Датчики физических величин
653 Ключевые слова __
a Ключевые слова Датчики в системах управления и контроля оптико-электронной техники
653 Ключевые слова __
a Ключевые слова Датчики, контроллеры
653 Ключевые слова __
a Ключевые слова Датчики и сенсорная электроника
653 Ключевые слова __
a Ключевые слова Современные датчики
653 Ключевые слова __
a Ключевые слова Датчики и системы управления
653 Ключевые слова __
a Ключевые слова Датчики и сенсоры
653 Ключевые слова __
a Ключевые слова Волоконно-оптические датчики физических величин
653 Ключевые слова __
a Ключевые слова Датчики электрических и неэлектрических величин
653 Ключевые слова __
a Ключевые слова Датчики физических параметров оценки состояния оборудования
653 Ключевые слова __
a Ключевые слова Датчики первичной информации
653 Ключевые слова __
a Ключевые слова Интегральные датчики и сенсоры физических величин
653 Ключевые слова __
a Ключевые слова Электрохимические сенсоры в методах анализа
653 Ключевые слова __
a Ключевые слова Датчики и исполнительные устройства в системах автоматизации
653 Ключевые слова __
a Ключевые слова Система сенсорной оценки качества
653 Ключевые слова __
a Ключевые слова Датчики и преобразователи информации систем измерения, контроля и управления
653 Ключевые слова __
a Ключевые слова Датчики измерительных систем
653 Ключевые слова __
a Ключевые слова Сенсорный анализ вин
653 Ключевые слова __
a Ключевые слова Сенсоры физических величин
653 Ключевые слова __
a Ключевые слова Исследование датчиков первичной информации
653 Ключевые слова __
a Ключевые слова Датчики координат систем управления
653 Ключевые слова __
a Ключевые слова Оптические сенсоры
653 Ключевые слова __
a Ключевые слова Сенсорные материалы и их применение
653 Ключевые слова __
a Ключевые слова Датчики-преобразователи первичной информации
653 Ключевые слова __
a Ключевые слова Сенсоры и сенсорные устройства
653 Ключевые слова __
a Ключевые слова Промышленные компьютеры и контроллеры в системах измерения и управления
653 Ключевые слова __
a Ключевые слова Интегральные датчики
653 Ключевые слова __
a Ключевые слова Сенсоры и датчики
700 Другие авторы __
a Другие авторы Жуков Ю. П.
q Полное имя Жуков Юрий Петрович
700 Другие авторы __
a Другие авторы Маланов А. Г.
q Полное имя Маланов Алексей Геннадьевич
856 Электронный адрес документа 40
n Местонахождение сервера Юрайт
g Электронная книга
q Тип электронного формата html
h Имя пользователя ЮРАЙТ
v Часы доступа к ресурсу 20271231
2 Способ доступа Показать документ
x Служебное примечание https://urait.ru/book/cover/C9BEF8F9-CD0F-4AB6-9A50-8000EADC5DA6
u URL https://urait.ru/bcode/566679
856 Электронный адрес документа 48
q Тип электронного формата cover
u URL https://urait.ru/book/cover/C9BEF8F9-CD0F-4AB6-9A50-8000EADC5DA6
911 __
u 0030=https://urait.ru/bcode/566679
911 __
u 073a=9785534171624
u 073d=0.00
911 __
u 106a=s
911 __
u 900l=
952 Тип литературы __
i Дисциплина Сенсорная электроника, датчики
952 Тип литературы __
i Дисциплина Датчики электрических и неэлектрических величин в электротехнике, электромеханике и электротехнологиях
952 Тип литературы __
i Дисциплина Сенсоры и датчики физических величин
952 Тип литературы __
i Дисциплина Датчики и системы сбора данных
952 Тип литературы __
i Дисциплина Контроллерные системы управления
952 Тип литературы __
i Дисциплина Сенсоры и измерения
952 Тип литературы __
i Дисциплина Датчики физических величин
952 Тип литературы __
i Дисциплина Датчики в системах управления и контроля оптико-электронной техники
952 Тип литературы __
i Дисциплина Датчики, контроллеры
952 Тип литературы __
i Дисциплина Датчики и сенсорная электроника
952 Тип литературы __
i Дисциплина Современные датчики
952 Тип литературы __
i Дисциплина Датчики и системы управления
952 Тип литературы __
i Дисциплина Датчики и сенсоры
952 Тип литературы __
i Дисциплина Волоконно-оптические датчики физических величин
952 Тип литературы __
i Дисциплина Датчики электрических и неэлектрических величин
952 Тип литературы __
i Дисциплина Датчики физических параметров оценки состояния оборудования
952 Тип литературы __
i Дисциплина Датчики первичной информации
952 Тип литературы __
i Дисциплина Интегральные датчики и сенсоры физических величин
952 Тип литературы __
i Дисциплина Электрохимические сенсоры в методах анализа
952 Тип литературы __
i Дисциплина Датчики и исполнительные устройства в системах автоматизации
952 Тип литературы __
i Дисциплина Система сенсорной оценки качества
952 Тип литературы __
i Дисциплина Датчики и преобразователи информации систем измерения, контроля и управления
952 Тип литературы __
i Дисциплина Датчики измерительных систем
952 Тип литературы __
i Дисциплина Сенсорный анализ вин
952 Тип литературы __
i Дисциплина Сенсоры физических величин
952 Тип литературы __
i Дисциплина Исследование датчиков первичной информации
952 Тип литературы __
i Дисциплина Датчики координат систем управления
952 Тип литературы __
i Дисциплина Оптические сенсоры
952 Тип литературы __
i Дисциплина Сенсорные материалы и их применение
952 Тип литературы __
i Дисциплина Датчики-преобразователи первичной информации
952 Тип литературы __
i Дисциплина Сенсоры и сенсорные устройства
952 Тип литературы __
i Дисциплина Промышленные компьютеры и контроллеры в системах измерения и управления
952 Тип литературы __
i Дисциплина Интегральные датчики
952 Тип литературы __
i Дисциплина Сенсоры и датчики